000 00457nam a2200193Ia 4500
005 20250603144859.0
008 250603s9999 xx 000 0 und d
020 _a978-0-07-026062-7 / 0-07-026062-1
050 _aTJ 260 .N34/
100 _aNag, P. K.
245 0 _aEngineering thermodynamics
250 _a4th ed.
260 _aNew Delhi
260 _bTata McGraw-Hill
260 _c2008
300 _a804 p
650 _aNew Delhi
942 _cBK
999 _c40227
_d40227